00560nam a2200157Ia 4500999001700000082002000017100001900037245002600056260006100082300000800143650002200151650003500173650003700208942000700245952015000252 c15802d15802 a306.20954 HAZ-I aHazarika, Niru 0aInsurgency and beyond aGuwahatibV.Venkata Rao Institute of Micro Studiesc2011 a249 aInsurgencyvIndia aIndiavPolitics and government aUnited Liberation Front of Asom  cBK 00104070aNASSDOCbNASSDOCd2011-09-15eGifted by : M S Secretariati2011-09-12l0o306.20954 HAZ-Ip47401r2019-04-18 00:00:00w2019-04-18yBK